Les 99 titres de Novak Djokovic - Statistiques

Statistiques générales
  • Ce quiz a été pris 143 fois
  • Le résultat moyen est 71 sur 99
Statistiques - réponses
Année Tournoi Finalistes % Correct
2023 Roland Garros Ruud
99%
2021 Roland Garros Tsitsipas
99%
2016 Roland Garros Murray
99%
2023 Us Open Medvedev
97%
2018 Us Open Del Potro
97%
2015 Us Open Federer
97%
2011 Us Open Nadal
97%
2023 Open d'Australie Tsitsipas
95%
2021 Open d'Australie Medvedev
95%
2020 Open d'Australie Thiem
95%
2019 Open d'Australie Nadal
95%
2016 Open d'Australie Murray
95%
2015 Open d'Australie Murray
95%
2013 Open d'Australie Murray
95%
2012 Open d'Australie Nadal
95%
2011 Open d'Australie Murray
95%
2008 Open d'Australie Tsonga
95%
2022 Wimbledon Kyrgios
94%
2021 Wimbledon Berrettini
94%
2019 Wimbledon Federer
94%
2018 Wimbledon Anderson
94%
2015 Wimbledon Federer
94%
2014 Wimbledon Federer
94%
2011 Wimbledon Nadal
94%
2019 Madrid Tsitsipas
88%
2016 Madrid Murray
88%
2011 Madrid Nadal
88%
2022 Rome Tsitsipas
86%
2020 Rome Schwartzman
86%
2015 Rome Federer
86%
2014 Rome Nadal
86%
2011 Rome Nadal
86%
2008 Rome Wawrinka
86%
2015 Monte Carlo Berdych
85%
2013 Monte Carlo Nadal
85%
2016 Miami Nishikori
75%
2015 Miami Murray
75%
2014 Miami Nadal
75%
2012 Miami Murray
75%
2011 Miami Nadal
75%
2007 Miami Canas
75%
2016 Indian Wells Raonic
73%
2015 Indian Wells Federer
73%
2014 Indian Wells Federer
73%
2011 Indian Wells Nadal
73%
2008 Indian Wells Fish
73%
2018 Shanghai Coric
73%
2015 Shanghai Tsonga
73%
2013 Shanghai Del potro
73%
2012 Shanghai Murray
73%
2023 Bercy Dimitrov
68%
2021 Bercy Medvedev
68%
2019 Bercy Shapovalov
68%
2015 Bercy Murray
68%
2014 Bercy Raonic
68%
2013 Bercy Ferrer
68%
2009 Bercy Monfils
68%
2023 Cincinnati Alcaraz
68%
2020 Cincinnati Raonic
68%
2018 Cincinnati Federer
68%
2016 Toronto Nishikori
67%
2012 Toronto Gasquet
67%
2023 Masters Sinner
64%
2022 Masters Ruud
64%
2015 Masters Federer
64%
2014 Masters Federer
64%
2013 Masters Nadal
64%
2012 Masters Federer
64%
2008 Masters Davydenko
64%
2015 Pékin Nadal
64%
2014 Pékin Berdych
64%
2013 Pékin Nadal
64%
2012 Pékin Tsonga
64%
2010 Pékin Ferrer
64%
2009 Pékin Cilic
64%
2021 Belgrade Molcan
62%
2011 Belgrade Lopez
62%
2009 Belgrade Kubot
62%
2020 Dubaï Tsitsipas
61%
2013 Dubaï Berdych
61%
2011 Dubaï Federer
61%
2010 Dubaï Youzhny
61%
2009 Dubaï Ferrer
61%
2024 Jeux Olympiques Alcaraz
60%
2017 Doha Murray
58%
2016 Doha Nadal
58%
2019 Tokyo Millman
56%
2011 Montréal Fish
55%
2007 Montréal Federer
55%
2009 Bâle Federer
49%
2023 Adélaïde Korda
42%
2007 Adélaïde Guccione
42%
2006 Metz Melzer
36%
2007 Vienne Wawrinka
35%
2022 Astana Tsitsipas
17%
2022 Tel Aviv Cilic
15%
2017 Eastbourne Monfils
14%
2007 Estoril Gasquet
14%
2006 Amersfoort Massu
8%
Aucun quiz correspondant
Distribution des résultats
% des personnes avec chaque résultat
Percentile par nombre de réponses
Votre historique - résultats
Vous n’avez pas pris ce quiz